La isla del tesoro : (Record no. 182252)

MARC details
000 -LEADER
campo de control de longitud fija 00755nam a2200217 i 4500
001 - NÚMERO DE CONTROL
campo de control 182252
003 - IDENTIFICADOR DE NÚMERO DE CONTROL
campo de control ES-MaACL
005 - FECHA Y HORA DE LA ÚLTIMA TRANSACCIÓN
campo de control 20250817062600.0
008 - DATOS DE LONGITUD FIJA--INFORMACIÓN GENERAL
campo de control de longitud fija 130729s2012 sp a | |||||||| | spa d
080 ## - NÚMERO DE LA CLASIFICACIÓN DECIMAL UNIVERSAL
Número de la Clasificación Decimal Universal 7(410)(083.824)
245 03 - MENCIÓN DEL TÍTULO
Título La isla del tesoro :
Resto del título arte británico de Holden a Hockney : Fundación Juan March : Madrid, 5 de octubre de 2012, 20 de enero de 2013.
260 ## - PUBLICACIÓN, DISTRIBUCIÓN, ETC.
Lugar de publicación, distribución, etc. Madrid :
Nombre del editor, distribuidor, etc. Fundación Juan March,
Fecha de publicación, distribución, etc. D.L. 2012.
300 ## - DESCRIPCIÓN FÍSICA
Extensión 30 p. ;
Dimensiones 17 cm.
500 ## - NOTA GENERAL
Nota general Texto paralelo en español e inglés.
650 #4 - PUNTO DE ACCESO ADICIONAL DE MATERIA--TÉRMINO DE MATERIA
Término de materia o nombre geográfico como elemento de entrada Arte británico-
Subdivisión de forma Exposiciones.
9 (RLIN) 153100
655 #7 - TERMINO DE INDIZACIÓN--GENERO/FORMA
Fuente del término tgfbne
9 (RLIN) 193628
Datos o término principal de género/forma Catálogos de exposiciones
710 2# - ENTRADA AGREGADA--NOMBRE DE ENTIDAD CORPORATIVA
Nombre de entidad corporativa o nombre de jurisdicción como elemento de entrada Fundación Juan March
9 (RLIN) 4346
852 ## - LOCALIZACIÓN
Ubicación ES-MaACL
Número de control de estantería 2315-F-2
942 ## - ELEMENTOS DE ENTRADA SECUNDARIOS (KOHA)
Fuente del sistema de clasificación o colocación Clasificación decimal universal
Holdings
Estatus retirado Estado de pérdida Estado de daño No para préstamo Colección Biblioteca de origen Biblioteca actual Ubicación en estantería Fecha de adquisición Fuente de adquisición Total de préstamos Signatura topográfica completa Código de barras Visto por última vez Precio de reemplazo Tipo de ítem Koha
        Colección de folletos Biblioteca del Ateneo de Madrid Biblioteca del Ateneo de Madrid Depósito folletos 29/07/2013     2315-F-2 1191528 23/02/2023 23/02/2023 Folleto